| 000 | 01189nam a22003377a 4500 | ||
|---|---|---|---|
| 003 | CHAP | ||
| 005 | 20220329143533.0 | ||
| 008 | 100421s2007 mx a r 00010 spa d | ||
| 010 | _a98203 | ||
| 011 | _a99175 | ||
| 020 | _c978-968-02-0403-8 | ||
| 035 | _a109860 | ||
| 040 | _cCHAP | ||
| 090 | _aFolleto 17634 | ||
| 110 | 2 |
_aGrupo Xilonen _950913 |
|
| 245 | 1 | 0 |
_aAnálisis de la problemática sobre la producción nacional de maíz y propuestas de acción _c/por Grupo Xilonen |
| 260 |
_aChapingo, Méx. : _bUACH, _c2007 |
||
| 300 |
_a29 p. : _bilus. |
||
| 590 |
_aBATCH-UPD _b10 _c20130110 _lUCH01 _h2051 |
||
| 590 |
_aBATCH-UPD _b10 _c20130410 _lUCH01 _h1405 |
||
| 590 |
_aBATCH-UPD _b10 _c20130914 _lUCH01 _h1756 |
||
| 590 |
_aCONVERSION _b10 _c20130109 _lUCH01 _h1354 |
||
| 650 | 1 | 4 |
_aMaíz _xRendimiento. _971051 |
| 650 | 1 | 4 |
_aMaíz _zMéxico. _971098 |
| 901 | _aBK | ||
| 942 | _cFOLL | ||
| 949 |
_aFolleto 17634 _bBC _cFOLL _d33724002168389 _eTS2 _fc.2 _i109860 _sb |
||
| 949 |
_aFolleto 17634 _bBC _cFOLL _d33724002174330 _eTS2 _fc.4 _i109860 _sb |
||
| 949 |
_aFolleto 17634 _bBC _cFOLL _d33724002174371 _eTS2 _fc.3 _i109860 _sb |
||
| 949 |
_aFolleto 17634 _bBC _cUACH _d33724002168421 _eUACH _i109860 _sb |
||
| 999 |
_c98203 _d98203 |
||